01570nam a2200301 a 4500001001500000003000400015005001700019008004100036020003500077020003000112040000900142050000800151082000800159100002700167245003900194250005400233260005300287300002100340500002000361520056800381650002600949650002600975650002801001856008201029942001201111999001901123952012601142ASIN0520242262OSt20180116192420.0140128s2004 xxu eng d a0520242262 (paperback)c$29.95 a9780520242265 (paperback) cSADA04aN7004a7011 aArnheim, Rudolf.9722410aVisual thinking /cRudolf Arnheim. aFirst Edition, Thirty-Fifth Anniversary Printing. a[S.l.] :bUniversity of California Press,c2004. a352 p. ;c23 cm. aDeluxe Edition. aFor thirty-five years Visual Thinking has been the gold standard for art educators, psychologists, and general readers alike. In this seminal work, Arnheim, author of The Dynamics of Architectural Form, Film as Art, Toward a Psychology of Art, and Art and Visual Perception, asserts that all thinking (not just thinking related to art) is basically perceptual in nature, and that the ancient dichotomy between seeing and thinking, between perceiving and reasoning, is false and misleading. An indis-pensable tool for students and for those interested in the arts. 0aArt--Philosophy97225 0aArt--Psychology97226 0aVisual perception97227403Amazon.comuhttp://www.amazon.com/exec/obidos/ASIN/0520242262/chopaconline-20 2ddccBK c353869d353869 00102ddc4070aSADAbSADAd2014-01-15l6m4o701 ARN 2004pSADA0002186r2016-05-19s2016-04-28v2323.20w2014-01-28yBK